000 00640nam a2200265Ia 4500
005 20260324152828.0
008 008 260324s9999 xx 000 0 eng d
020 _a9780128120392
037 _aEBOOK
040 _aCRL
040 _beng
040 _cCRL
041 _2eng
041 _aeng
084 _qCRL
100 _aYahyaoui, Imene
245 0 _aSpecifications of Photovoltaic Pumping Systems in Agriculture
260 _bElsevier
260 _c2017
650 _aEnergy
856 _uhttps://www.sciencedirect.com/science/book/9780128120392
942 _cEBOOK
999 _c1840783
_d1840783